Statistics for Biggest Cities in Kentucky

Click here to take the quiz!

General Stats

  • This quiz has been taken 1,800 times
    (423 since last reset)
  • The average score is 8 of 20

Answer Stats

Population City % Correct
621,349Louisville /
Jefferson County
98%
321,959Lexington-Fayette
95%
67,067Bowling Green
74%
27,621Frankfort
74%
24,941Paducah
55%
59,404Owensboro
54%
40,455Covington
51%
30,023Elizabethtown
43%
35,397Richmond
35%
33,660Georgetown
32%
20,669Ashland
32%
32,305Florence
31%
30,789Hopkinsville
28%
28,657Henderson
23%
30,553Nicholasville
19%
19,200Murray
19%
27,395Jeffersontown
14%
19,067Madisonville
14%
22,576Radcliff
12%
27,634Independence
11%

Score Distribution

Percentile by Number Answered

Percent of People with Each Score

Your Score History

You have not taken this quiz since the last reset